=LDR 00000nam 2200000 4500 =001 INLIS000000000046950 =005 20150613140834.0 =006 =007 =008 =035 ##$$0010-061500000000039 =082 ##$$a 2x6.4 =090 ##$$a 2x6.4 mus a =100 ##$$a Kamil Musa =245 ##$$a Anak Perempuan dalm Islam =260 ##$$a Jakarta $b Pustaka Panji Mas $c 1985 =300 ##$$a vii, 88 hlm $c 21 cm =850 ##$$aNBPNMAT =990 ##$$a 2090100479/BPAP-NTB/2015